Immigration and the Boundaries of Citizenship

Enregistré dans:
Détails bibliographiques
Auteur principal: Bauböck, Rainer
Format: Livre
Langue:anglais
Publié: Wien Institut für Höhere Studien 1991
Édition:1. ed.
Collection:Forschungsbericht No.280
Tags: Ajouter un tag
Pas de tags, Soyez le premier à ajouter un tag!

MARC

LEADER 00000nam a2200000 4500
001 c025253
005 20221206114642.3
041 0 |a eng 
044 |a AT 
245 1 0 |a Immigration and the Boundaries of Citizenship  |c Rainer Bauböck 
250 |a 1. ed. 
264 1 |a Wien  |b Institut für Höhere Studien  |c 1991 
300 |a 92 s. 
490 1 |a Forschungsbericht  |v No.280 
830 0 |a Forschungsbericht  |v No.280 
100 1 |a Bauböck, Rainer